Word Ladder: Tom Sawyer Quiz Stats

 Plays Quiz Updated May 29, 2018

Challenge
Share
Tweet
Embed
Score 0/22 Timer 02:00
2 Plays Today
Clue 4-Letter Word % Correct
Number after fourFIVE
97.4%
• Author Twain of 'Tom Sawyer' ••MARK•
97.4%
Adult female horseMARE
97.2%
Of good qualityFINE
94.5%
• The nickname of Tom's best friend ••HUCK•
92.5%
Place where coins are madeMINT
92%
Smallest in the litterRUNT
91.8%
• Last name of Tom's best friend ••FINN•
91.7%
ListenHARK
91.6%
CoughHACK
91.3%
TiradeRANT
87.8%
Clue 4-Letter Word % Correct
Land of 10,000 Lakes (Abbrev.)MINN.
86.6%
Look after, with 'for'CARE
84.8%
Slang for preferenceFAVE
79.4%
• Tom and Becky get lost here • •CAVE•
76.2%
Polly, vis-à-vis Tom•AUNT•
68.9%
• Vehicle in the book's sequel ••RAFT•
68.8%
Slangy contractionAIN'T
68.3%
Fissure or crevasseRIFT
61.1%
A short repeated section in musicRIFF
51.5%
AnnoyMIFF
28.5%
• Person blamed for murder, ____ Potter ••MUFF•
19.9%

Today's Daily Dose

You're not logged in!

Compare scores with friends on all Sporcle quizzes.
OR
Log In

You Might Also Like...

Show Comments

Extras

Top Quizzes Today


Score Distribution

Your Account Isn't Verified!

In order to create a playlist on Sporcle, you need to verify the email address you used during registration. Go to your Sporcle Settings to finish the process.

Report this User

Report this user for behavior that violates our Community Guidelines.

Details: